Deductive database systems and programming languages Prolog and Datalog

Salvato in:
Dettagli Bibliografici
Autore principale: Cuper, Peter
Altri autori: Mácová, Miroslava, Nehéz, Martin
Natura: Capitolo di libro
Lingua:inglese
Soggetti:
Tags: Aggiungi Tag
Nessun Tag, puoi essere il primo ad aggiungerne!!

MARC

LEADER 00000naa$a2200000$$$4500
001 0020246
005 20220606115434.7
041 0 |a eng 
044 |a SK 
245 1 0 |a Deductive database systems and programming languages Prolog and Datalog  |c Peter Cuper, Miroslava Mácová, Martin Nehéz 
610 2 0 |a systémy databázové 
610 2 0 |a jazyky programovacie 
610 2 0 |a štruktúra podniku organizačná 
610 2 0 |a informácie 
610 2 0 |a Prolog 
610 2 0 |a Datalog 
100 1 |a Cuper, Peter 
700 1 |a Mácová, Miroslava 
700 1 |a Nehéz, Martin